00352nam a22001217a 4500010001400000082001300014100002600027245006800053250001100121260002800132270005500160300001500215 aTML-31069 a894.8114 aSeeni Palani, Pavalar aSrimath Bhagavath Geethaiyum Thirukuralumc/Pavalar Seenipalani a1st ed aChennaibS.Palanic2016 a25/30, Kumaran Street, Lakshmipuram,Chennai-600099 a304pc18cm